Attanquants passés par Manchester United pt.1 - Statistiques

Statistiques générales
  • Ce quiz a été pris 83 fois
  • Le résultat moyen est 11 sur 16
Statistiques - réponses
Par images Réponse % Correct
Edinson Cavani
100%
Cristiano Ronaldo
99%
Angel Di Maria
97%
Eric Cantona
97%
Antony
96%
George Best
93%
Memphis Depay
93%
Dimitar Berbatov
84%
Radamel Falcao
76%
Anthony Elanga
61%
Amad Diallo
58%
Tahith Chong
43%
Andy Cole
32%
Bebé
21%
Mame Biram Diouf
8%
Fangzhuo Dong
1%
Aucun quiz correspondant
Distribution des résultats
% des personnes avec chaque résultat
Percentile par nombre de réponses
Votre historique - résultats
Vous n’avez pas pris ce quiz